| 000 | 00532nam a22001577a 4500 | ||
|---|---|---|---|
| 999 |
_c534978 _d534978 |
||
| 020 | _qHard Cover. | ||
| 082 | _a624.1 | ||
| 100 | _aRazzaq, Afia | ||
| 245 |
_aCritical External Risks in International Construction Projects in Pakistan / _cAfia Razzaq. |
||
| 260 |
_aIslamabad: _bNIT NUST, _c2016. |
||
| 300 |
_a99 p. : _bill. ; _c30cm. |
||
| 942 |
_2ddc _cTHE |
||
| 650 |
_aConstruction Engineering and Management MS-Thesis. _917023 |
||
| 700 |
_aDr. Jamaluddin Thaheem _929437 |
||